000 01513naa a22003377a 4500
001 BR9603243
003 BR-BrBNA
005 20240918181831.0
007 ta
008 230509b bl.||||| |||| 00| 0 por d
040 _aBR-BrBNA
_bpor
_cBiblioteca Nacional de Agricultura
041 _a(Pt)
072 _aK10
_b1215
090 _aK10 BR9603243
100 1 _aYared, J.A.G.
100 1 _aKanashiro, M.
100 1 _aViana, L.M.
100 1 _aCastro, T.C.A. de
100 1 _aPantoja, J.R. de S.
111 1 _a1. Congresso Florestal Panamericano7. Congresso Florestal Brasileiro
_cCuritiba, PR (Brazil)
_d19-24 Sep 1993
245 1 _aComportamento silvicultural de castanheira (Bertholletia excelsa H. K.), em diversos locais na Amazonia
260 3 _aCuritiba, PR (Brasil):
_c1993.
500 _aAnais do 1. Congresso Florestal Panamericano e 7. Congresso Florestal Brasileiro. Floresta para o desenvolvimento: politica, ambiente, tecnologia e mercado. Trabalhos voluntarios e posters Curitiba, PR (Brasil): 1993. v. 2 p. 416-418 (BR9603243-AM)K10
650 _aCastanha do Para
650 _aSilvicultura
650 _aReflorestamento
650 _aAmazonia
773 0 _tAnais do 1. Congresso Florestal Panamericano e 7. Congresso Florestal Brasileiro. Floresta para o desenvolvimento: politica, ambiente, tecnologia e mercado. Trabalhos voluntarios e posters
_wK10 BR9603243
_gCuritiba, PR (Brasil), 1993. v. 2 p. 416-418
909 _a202404
_bLucia
_c55
_dLucia Elande
942 _cAM
_2AGRIS
999 _c327069
_d327069